La Exención tributaria / Pedro Manuel Herrera Molina ; Prólogo: Ramón Falcón y Tella Ramón Falcón y Tella
ISBN:
84-7879-022-5
Descripción Física:
348 p. ; 24 cm
Materias:
Exempció d'impostos -- Espanya
MARC
| LEADER | 00000nam a2200000Ia 4500 | ||
|---|---|---|---|
| 001 | 17456 | ||
| 008 | 160829s1990 xx 000 0 cat d | ||
| 020 | |a 84-7879-022-5 | ||
| 080 | |a D-3-94 | ||
| 100 | |a Herrera Molina, Pedro Manuel |9 23356 | ||
| 245 | |a La Exención tributaria / Pedro Manuel Herrera Molina ; Prólogo: |b Ramón Falcón y Tella | ||
| 260 | |a Madrid : |b Colex, |c 1990 | ||
| 300 | |a 348 p. ; |c 24 cm | ||
| 590 | |a Bibliografia | ||
| 650 | |a Exempció d'impostos |x Espanya |9 23357 | ||
| 901 | |a Arxiu | ||
| 942 | |n 1 | ||
| 952 | |0 1 |1 0 |2 udc |4 0 |5 2 |6 D394 |7 1 |9 42677 |a Arxiu |b Arxiu |d 2016-12-01 |l 0 |o D-3-94 |p 17456 |r 2016-12-01 00:00:00 |w 2016-12-01 |y ARXIU | ||
| 999 | |c 45183 |d 45183 | ||